[Event "EICC 2017"]
[Site "Minsk"]
[Date "2017.05.31"]
[Round "2"]
[White "Navara, David"]
[Black "Kuizhev, Adam"]
[Result "1-0"]
[WhiteElo "2739"]
[BlackElo "1807"]
[Annotator "TA"]
[PlyCount "81"]
[EventDate "2017.??.??"]
[EventCountry "BLR"]
[SourceTitle "playchess.com"]
[Source "ChessBase"]
[SourceQuality "1"]

{[%evp 11,81,17,15,-2,-1,10,29,13,26,16,36,30,30,30,31,25,42,46,57,46,52,43,77,77,91,68,115,115,117,116,111,106,114,93,106,102,148,130,148,141,167,167,159,157,273,256,267,257,288,286,310,311,303,302,305,308,298,274,1103,1072,29984,29984,29988,29989,29992,29993,29993,29994,29994,29995,29996,29997]} 1. e4 c6 2. d4 d5 3. e5 Bf5 4. h4 h5 5. Bd3 Bxd3 6. Qxd3 e6 7. Bg5 {B12: Caro-Kann: Advance Variation} Qb6 (7... Be7 8. Nf3 Nh6 9. Nc3 Nf5 10. Ne2 c5 11. dxc5 Qa5+ 12. c3 Qxc5 13. Bxe7 Kxe7 14. Ned4 Nxd4 15. Nxd4 {0-1 (32) Adams,M (2761)-Svidler,P (2741) Shenzhen 2017}) 8. Nd2 Be7 9. Ngf3 {White has an edge.} Nd7 10. O-O g6 $146 ({Predecessor:} 10... Qd8 11. c3 Nh6 12. Bxe7 Qxe7 13. Ng5 Nf5 14. g3 Rd8 {½-½ (31) Rodriguez Nieto,M (1725)-Fernandez Sanchez,L (1835) Madrid 2016}) 11. c4 {[%cal Bc2c4,Bc4c5][%mdl 32]} Bxg5 12. Nxg5 Ne7 13. c5 $36 {[%mdl 2048] White has some pressure.} Qd8 14. b4 Nf5 15. g3 O-O 16. Rfe1 a6 17. Nf1 Re8 18. Ne3 Nf8 19. a4 Nh7 20. Nh3 Nf8 21. Nf4 (21. Kg2 {is more complex.} Qc7 22. a5 Qe7 23. Ng5 Kg7 24. Rab1) 21... b6 22. Rec1 (22. a5 {seems wilder.} b5 23. Kg2 Kg7 24. Nh3 Qe7 25. Ng5) 22... Nxe3 23. Qxe3 Qc7 24. Nd3 b5 25. Qh6 Reb8 26. Ra3 Qd8 27. Rca1 a5 (27... Rc8 $16 28. Kg2 Rcb8) 28. axb5 $18 Rxb5 29. Qd2 Qb8 30. Rxa5 ({Much less strong is} 30. bxa5 $6 Ra6 $18) 30... Raxa5 31. bxa5 ({Don't take} 31. Rxa5 Nd7 $18) 31... Rb1+ 32. Rxb1 Qxb1+ 33. Kg2 Qa1 34. Qb4 Nh7 $2 {[#]} (34... g5 35. hxg5 Ng6) 35. Nf4 Qd1 36. a6 {White mates.} g5 37. a7 gxf4 38. a8=Q+ Kg7 39. Qbb8 f3+ 40. Kh2 Qf1 41. Qh8+ {Precision: White = 75%, Black = 31%.} 1-0

[Event "EICC 2017"]
[Site "Minsk"]
[Date "2017.05.31"]
[Round "2"]
[White "Jakovenko, Dmitry"]
[Black "Svetushkin, Dmitry"]
[Result "1/2-1/2"]
[WhiteElo "2718"]
[BlackElo "2573"]
[Annotator "TA"]
[PlyCount "41"]
[EventDate "2017.??.??"]
[EventCountry "BLR"]
[SourceTitle "playchess.com"]
[Source "ChessBase"]
[SourceQuality "1"]

{[%evp 18,41,16,16,29,14,19,20,29,12,12,0,0,0,0,0,0,0,0,0,0,-22,0,0,2,-41]} 1. e4 e5 2. Nf3 Nc6 3. Bb5 {[%cal Bf1b5,Bb5a4,Ba4b3][%mdl 32]} a6 4. Ba4 Nf6 5. O-O Be7 6. d3 b5 7. Bb3 O-O 8. a4 Bb7 9. Re1 d6 10. Nbd2 {[%cal Bb1d2,Bd2f1,Bf1g3][%mdl 32]} Qd7 {C88: Closed Ruy Lopez: Anti-Marshall Systems} (10... Nd7 11. c3 Nc5 12. axb5 axb5 13. Rxa8 Qxa8 14. Bc2 b4 15. d4 bxc3 16. bxc3 Nd7 17. Nf1 Qa1 18. Bd2 Qxd1 19. Rxd1 Bf6 20. Rb1 Rb8 21. Be3 exd4 22. cxd4 {½-½ (52) Dominguez Perez,L (2732)-Sargissian,G (2702) Huaian 2016}) 11. Nf1 Nd8 12. Ng3 Ne6 13. Ba2 $146 ({Predecessor:} 13. c3 c5 14. Ng5 Nxg5 15. Bxg5 Ne8 16. Be3 g6 17. axb5 axb5 18. Rxa8 Bxa8 {½-½ (38) Van Kampen,R (2602)-Pogonina,N (2495) Caleta 2014}) 13... c5 {The position is equal.} 14. c3 (14. b4 $5) 14... Rfe8 15. h3 Bf8 16. Ng5 d5 17. Nxe6 Qxe6 18. Bg5 Nd7 19. Qg4 c4 20. exd5 Bxd5 21. Bb1 {Precision: White = 53%, Black = 75%.} 1/2-1/2

[Event "EICC 2017"]
[Site "Minsk"]
[Date "2017.05.31"]
[Round "2"]
[White "Matlakov, Maxim"]
[Black "Santos Latasa, Jaime"]
[Result "1-0"]
[WhiteElo "2714"]
[BlackElo "2567"]
[Annotator "TA"]
[PlyCount "81"]
[EventDate "2017.??.??"]
[EventCountry "BLR"]
[SourceTitle "playchess.com"]
[Source "ChessBase"]
[SourceQuality "1"]

{[%evp 12,81,25,18,25,19,25,0,44,34,93,90,72,17,115,109,116,118,113,97,132,98,173,170,164,137,121,115,108,95,130,144,132,139,124,123,153,164,159,129,133,129,129,125,146,127,152,142,163,146,156,151,150,145,174,170,186,182,188,191,191,174,180,170,510,493,472,348,861,833,29986,29987]} 1. c4 Nf6 2. Nc3 e6 3. e4 d5 4. cxd5 exd5 5. e5 Ne4 6. Nf3 Bf5 {A18: English Opening: Flohr-Mikenas System (1 c4 Nf6 2 Nc3 e6 3 e4)} 7. Be2 {LiveBook: 6 Games} Be7 8. O-O O-O {The position is equal.} 9. Qb3 (9. Nd4 $5 {[%cal Rd4f5]} Bg6 10. d3 Nxc3 11. bxc3 $11) 9... Nc6 10. Nxd5 {Hoping for d4.} Bc5 {[#]} (10... Ng5 $1 $14) 11. Ne3 $1 $16 {[%cal Re3f5]} Bg6 12. Qc4 $146 ({Better is} 12. d3 $16 Ng5 13. Qxb7) ({Predecessor:} 12. Qxb7 Nd4 13. Nxd4 Bxd4 14. d3 {1-0 (31) So,W (2822)-Onischuk,A (2667) Saint Louis 2017}) 12... b5 (12... Bb6 $11 {remains equal.}) 13. Qxb5 Nd4 14. Nxd4 Bxd4 15. d3 Nc5 16. Qc4 {Threatens to win with Nc2.} Rb8 (16... Re8 $16) 17. Nc2 $18 Ne6 18. Nxd4 Nxd4 19. Bd1 Ne6 20. Re1 Bxd3 21. Qc3 Qd4 {[#]} 22. Qxd4 $1 Nxd4 23. Be3 Nc2 24. Bxc2 $1 Bxc2 25. b3 Rb7 26. Rac1 Bf5 27. Rc5 h6 28. Rec1 Rc8 29. f3 Kf8 30. Kf2 Ke8 31. g4 Be6 32. Kg3 Kd7 33. Rd1+ Ke7 34. Ra5 Ra8 35. f4 {[%cal Bf3f4,Bf4f5,Bf5g6][%mdl 32]} g6 36. Bc5+ Ke8 37. Ra6 {And now f5! would win.} Bc8 $2 (37... c6 {is more resistant.} 38. Rxc6 Rc8 39. Rxc8+ Bxc8) 38. Rf6 Rb5 39. Rc6 Rb7 $2 (39... a5 40. f5 gxf5 41. gxf5 Bxf5 42. Rxh6 Rxc5) 40. f5 Bd7 41. fxg6 {Precision: White = 58%, Black = 30%.} 1-0

[Event "EICC 2017"]
[Site "Minsk"]
[Date "2017.05.31"]
[Round "2"]
[White "Ponomariov, Ruslan"]
[Black "Kharchenko, Boris"]
[Result "1-0"]
[WhiteElo "2712"]
[BlackElo "2468"]
[Annotator "TA"]
[PlyCount "83"]
[EventDate "2017.??.??"]
[EventCountry "BLR"]
[SourceTitle "playchess.com"]
[Source "ChessBase"]
[SourceQuality "1"]

{[%evp 15,83,35,75,30,37,31,35,31,52,51,48,41,36,31,58,44,59,49,59,59,73,23,48,55,107,101,116,111,108,108,108,108,133,134,134,130,134,129,158,159,151,150,262,258,285,258,328,310,333,339,312,318,370,364,596,619,822,367,709,726,696,648,618,575,879,875,871,858,916,921]} 1. d4 d5 2. c4 c6 3. Nf3 Nf6 4. g3 Bf5 5. Nc3 e6 6. Nh4 {D11: Slav Defence: 3 Nf3 sidelines and 3...Nf6 4 e3 Bg4} Be4 7. f3 Bg6 8. Qb3 Qc8 {LiveBook: 6 Games} 9. cxd5 $146 ({Predecessor:} 9. e4 dxe4 10. Nxg6 hxg6 11. fxe4 e5 12. dxe5 Ng4 {0-1 (33) Tkachiev,V (2649)-Najer,E (2633) Khanty-Mansiysk 2013}) 9... cxd5 10. e4 {[%cal Re4d5,Be2e4,Be4e5][%mdl 32]} Nc6 11. Be3 Bb4 {[%cal Rd5e4]} 12. e5 Nd7 13. Nxg6 hxg6 14. Bd3 Qc7 15. O-O $36 {[%mdl 2048] White has some pressure.} Be7 16. Qd1 a6 17. f4 b5 18. Bf2 Nb6 19. a4 b4 ({Better is} 19... Nc4 $14) 20. Ne2 $16 {[%cal Bc3e2,Be2g1,Bg1f3,Bf3g5][%mdl 32]} Qb7 21. b3 Na5 22. h4 Nd7 23. Kg2 Rc8 24. Ng1 Nb8 25. Nf3 Rc3 26. Rb1 Kd7 27. Be1 Rc7 28. Ng5 Rf8 {[#]} (28... Ke8 $16 {keeps fighting.} 29. Nf3 Bd8) 29. h5 $1 $18 gxh5 30. Qxh5 g6 {[#]} 31. Qh7 $1 Nbc6 32. Nxf7 Nxd4 33. Qxg6 Qa8 34. f5 Rg8 $2 (34... Nac6 35. Bf2 Qe8) 35. Qh7 exf5 36. Bxf5+ (36. Rf4 $142) 36... Kc6 $2 (36... Nxf5 37. Qxf5+ Kc6) 37. Rc1+ {White is clearly winning.} Kb7 38. Rxc7+ Kxc7 {[#]} 39. Bxb4 $1 {[%mdl 512]} Nac6 (39... Bxb4 40. Nh6+) 40. Bxe7 Nxe7 41. Nh6 Re8 42. Bg6 {Precision: White = 80%, Black = 28%.} 1-0

[Event "EICC 2017"]
[Site "Minsk"]
[Date "2017.05.31"]
[Round "2"]
[White "Naiditsch, Arkadij"]
[Black "Zhigalko, Andrey"]
[Result "1-0"]
[WhiteElo "2700"]
[BlackElo "2566"]
[Annotator "TA"]
[PlyCount "63"]
[EventDate "2017.??.??"]
[EventCountry "BLR"]
[SourceTitle "playchess.com"]
[Source "ChessBase"]
[SourceQuality "1"]

{[%evp 9,63,0,0,0,0,0,-8,-24,-20,-25,-33,-34,-28,-65,-60,-69,-67,-72,-41,-38,-26,-52,-5,-25,0,-43,-44,-65,25,0,0,22,122,61,42,56,66,50,118,143,328,322,300,300,363,363,371,371,322,310,640,635,837,833,818,811]} 1. e4 c5 2. Ne2 Nf6 3. Nbc3 d6 4. h3 (4. g3 Nc6 5. d4 cxd4 6. Nxd4 g6 7. Nde2 b6 8. Bg2 Bb7 9. Nd5 Bg7 10. c3 Ne5 11. Qa4+ Nfd7 12. Bg5 Nd3+ 13. Kf1 N3c5 14. Qc2 Nf6 15. Bxf6 Bxf6 16. Nxf6+ exf6 {½-½ (52) Rapport,R (2702)-Wojtaszek,R (2750) Wijk aan Zee 2017}) 4... Nc6 5. g4 d5 6. exd5 {B23: Closed Sicilian: Lines without g3} Nxd5 7. Bg2 Nxc3 8. bxc3 $146 {The position is equal.} ({Predecessor:} 8. Nxc3 e6 9. d3 Be7 10. Be3 Bd7 11. O-O O-O {0-1 (46) Pancevski,F (2512)-Van Kampen,R (2570) Groningen 2012}) 8... g6 9. d3 Bg7 10. Be3 h5 11. g5 Be6 12. Qd2 Bd5 13. f3 Ne5 14. O-O b6 15. Ng3 e6 16. Rad1 Rc8 17. Qf2 O-O 18. Ne4 Nc6 {[#]} (18... Bxa2 $6 19. c4 $14) (18... Bxe4 $15 19. fxe4 Qd7) 19. Nf6+ $1 $11 {[%mdl 512]} Bxf6 20. gxf6 e5 {[#]} (20... Na5 $11 {remains equal.}) 21. Bh6 ({Better is} 21. Qh4 $1 $16) 21... Qxf6 $14 22. Bxf8 Kxf8 23. Rde1 g5 ({Black should try} 23... c4 $14) 24. h4 $16 {[%cal Bh3h4,Bh4g5,Bg5g6,Bg6g7][%mdl 32]} c4 $2 {[#]} (24... Ne7 $16) 25. f4 $1 $18 Bxg2 26. hxg5 Qxf4 27. Qxg2 ({Weaker is} 27. Kxg2 Qxf2+ 28. Rxf2 cxd3 $16) ({Not} 27. Qxf4 exf4 28. Kxg2 cxd3 $18) 27... Qg4 28. Qxg4 hxg4 29. g6 ({Don't take} 29. dxc4 $6 Ne7 $18) 29... Nd8 $2 (29... Rc7 30. Re4 f6 31. Rxf6+ Kg7) 30. Rxe5 {White is clearly winning.} cxd3 {[#]} 31. Re8+ $1 {[%mdl 512]} Kxe8 32. g7 {Precision: White = 55%, Black = 40%.} 1-0

[Event "EICC 2017"]
[Site "Minsk"]
[Date "2017.05.31"]
[Round "2"]
[White "Bacrot, Etienne"]
[Black "Aleksandrov, Aleksej"]
[Result "1/2-1/2"]
[WhiteElo "2696"]
[BlackElo "2559"]
[Annotator "TA"]
[PlyCount "108"]
[EventDate "2017.??.??"]
[EventCountry "BLR"]
[SourceTitle "playchess.com"]
[Source "ChessBase"]
[SourceQuality "1"]

{[%evp 20,108,25,30,35,25,33,31,31,18,33,18,25,0,-7,0,0,0,0,0,0,0,0,0,0,-35,-36,-36,-35,-67,-75,-89,-52,-51,-52,-62,-65,-119,-20,-14,-28,-62,-41,-37,-54,-96,-89,-70,-81,-66,-68,-124,-114,-114,-112,-97,-43,-41,0,0,0,-17,-21,-22,-18,-23,-14,-15,0,0,0,0,0,0,0,0,0,0,0,0,0,0,0,0,0,-6,-6,-11,0,-15,0]} 1. e4 e5 2. Nf3 Nc6 3. Bb5 a6 4. Ba4 Nf6 5. O-O Be7 6. Re1 b5 7. Bb3 d6 8. c3 O-O 9. h3 Bb7 10. d4 Re8 11. Nbd2 {[%cal Bb1d2,Bd2f1,Bf1g3][%mdl 32]} exd4 {C92: Closed Ruy Lopez: 9...Be6, Karpov and Flohr-Zaitsev Variations} (11... Bf8 12. a3 g6 13. Ba2 Bg7 14. b4 exd4 15. cxd4 a5 16. Qb3 Qd7 17. Bb2 axb4 18. axb4 Ra4 19. Bc3 Nh5 20. Bb1 Rxa1 21. Bxa1 Nf4 22. Bc3 {1-0 (77) Inarkiev,E (2723)-Oparin,G (2625) Moscow 2017}) 12. cxd4 Nd7 13. Nf1 Na5 {White is slightly better.} 14. Bc2 Bf6 15. Ng3 g6 $1 16. b3 c5 $1 17. Be3 Nc6 18. Rc1 cxd4 19. Nxd4 Nxd4 20. Bxd4 Rc8 21. Qd2 {[#]} Be5 $146 ({Predecessor:} 21... Bxd4 22. Qxd4 {0-1 (28) Can,I (2173)-Kovalev,V (2598) Lisbon 2017}) 22. Re2 Nf8 {[%cal Bd7f8,Bf8e6,Be6f4][%mdl 32]} 23. Rd1 Ne6 24. Be3 Qf6 25. Nf1 Nf4 26. Bxf4 $1 Bxf4 27. Qe1 h5 28. a4 (28. Bb1 $15) 28... h4 ({Black should try} 28... Qb2 $17 29. Rb1 Qc3 30. axb5 axb5) 29. axb5 $11 axb5 30. Qb4 {[#]} d5 $1 {[%mdl 512]} 31. Bd3 (31. exd5 Rxe2) 31... dxe4 32. Bxe4 Qc3 33. Qxc3 Rxc3 34. Rde1 Bc8 35. Bd5 ({Better is} 35. Bf3 $15 Rxe2 36. Bxe2) 35... Rxe2 $17 36. Rxe2 Kf8 37. Re1 Rd3 (37... Bf5 $17 38. Ne3 Bd3) 38. Bc6 $15 {[#] Re8+ is the strong threat.} Bd7 (38... Be6 {is interesting.} 39. Bxb5 Rxb3 40. Bc6 Rc3 41. Bb7 Bc7) 39. Bxd7 Rxd7 $11 {[%mdl 4096] Endgame KRB-KRN} 40. g3 hxg3 41. fxg3 Bc7 {Threatens to win with ...Rd3.} 42. Kg2 Rd4 43. h4 {[%cal Bh3h4,Bh4h5][%mdl 32] The position is equal.} Bb6 44. Re5 b4 45. h5 Bc7 46. Rc5 Bd6 47. Rc8+ Kg7 48. hxg6 fxg6 49. Re8 Kf6 50. Kf3 Rd1 51. Ke2 Rc1 52. Rd8 Ke7 53. Rg8 Kf6 54. Rd8 Ke7 {Precision: White = 57%, Black = 61%.} 1/2-1/2

[Event "EICC 2017"]
[Site "Minsk"]
[Date "2017.05.31"]
[Round "2"]
[White "Duda, Jan-Krzysztof"]
[Black "Sychev, Klementy"]
[Result "1-0"]
[WhiteElo "2693"]
[BlackElo "2459"]
[Annotator "TA"]
[PlyCount "79"]
[EventDate "2017.??.??"]
[EventCountry "BLR"]
[SourceTitle "playchess.com"]
[Source "ChessBase"]
[SourceQuality "1"]

{[%evp 16,79,20,2,6,13,7,5,29,0,7,-50,-8,-23,-25,-20,0,-8,0,0,0,0,0,9,22,27,36,31,39,39,39,31,70,0,122,91,111,122,124,111,141,133,164,161,220,151,190,189,187,181,168,71,102,55,152,155,1009,1006,927,599,1351,1347,1352,1352,1351,1344]} 1. e4 e5 2. Nf3 Nc6 3. Bc4 Bc5 4. c3 Nf6 5. d3 a6 6. Bb3 Ba7 7. Nbd2 d6 8. Nf1 O-O 9. h3 Re8 {C54: Giuoco Piano: 4 c3 Nf6, main lines with 5 d4 and 5 d3} (9... Ne7 10. Ng3 Ng6 11. O-O Be6 12. Bc2 c5 13. Re1 h6 14. Bd2 Qd7 15. Qc1 Rfe8 16. a4 a5 17. c4 {½-½ (26) Wei,Y (2706)-Bu,X (2698) Shenzhen 2016}) 10. Qe2 Be6 $146 ({Predecessor:} 10... h6 11. Ng3 Qe7 12. Nh4 Qd8 13. Nhf5 Ne7 14. Qf3 Nxf5 15. Nxf5 Bxf5 16. Qxf5 {1-0 (25) Zvereva,M (1890)-Mikheeva,G (1542) Batumi 2016}) 11. Bc2 b5 {The position is equal.} 12. Ng5 Bc8 13. g4 (13. Ng3 $11) 13... b4 14. Bb3 Rf8 15. Ng3 bxc3 16. bxc3 Na5 17. Bc2 d5 18. O-O Re8 19. Kh2 h6 20. Nf3 Qd7 21. Rg1 {[%cal Bf1g1,Bg1d1,Bd1d5][%mdl 32]} dxe4 22. dxe4 Nh7 23. Rb1 Bc5 24. Nf5 (24. Rd1 $14 Qe7 25. Ba4) 24... Bf8 (24... Qc6 $1 $11) 25. Rd1 Qe6 26. Rd5 Nc6 27. Ba4 Nf6 28. Bb3 Nxd5 29. Bxd5 ({Don't take} 29. exd5 $6 Qg6 $16) 29... Qg6 (29... Qd7 {was called for.}) 30. Qc4 $36 {[%mdl 2048] White has strong initiative.} Bd7 {[#]} 31. N5h4 $1 {[%cal Rh4g6]} Qd6 32. Bxf7+ Kh7 33. Bxe8 (33. Bxh6 $18 {Black must now prevent Rd1.} Qxh6 34. Bg6+ Qxg6 35. Nxg6 Kxg6 36. h4) 33... Bxe8 34. Be3 Qd7 {[#]} (34... Na5 $14 35. Qb4 Qxb4 36. cxb4 Nc4) 35. g5 $1 $16 {[%cal Bg4g5,Bg5g6][%mdl 32]} h5 $2 {[#]} (35... Na5 $16 36. Qe2 hxg5) 36. g6+ $1 $18 {[%mdl 512] White is clearly winning.} Kh8 (36... Bxg6 37. Ng5+) 37. Rg1 {White wants to mate with Rg5.} Be7 38. Qe2 Kg8 39. Ng5 Bxg5 40. Rxg5 {Precision: White = 67%, Black = 30%.} 1-0

[Event "EICC 2017"]
[Site "Minsk"]
[Date "2017.05.31"]
[Round "2"]
[White "Mamedov, Rauf"]
[Black "Hakobyan, Aram"]
[Result "1-0"]
[WhiteElo "2689"]
[BlackElo "2449"]
[Annotator "TA"]
[PlyCount "77"]
[EventDate "2017.??.??"]
[EventCountry "BLR"]
[SourceTitle "playchess.com"]
[Source "ChessBase"]
[SourceQuality "1"]

{[%evp 21,77,0,16,14,36,32,38,0,0,0,0,0,7,0,6,20,23,28,7,18,14,9,6,6,6,4,17,0,45,-25,227,229,235,220,228,206,507,297,334,309,318,306,270,257,327,304,372,290,289,230,998,729,713,704,750,719,1250,716]} 1. Nf3 Nf6 2. g3 b6 3. Bg2 Bb7 4. O-O e6 5. c4 c5 6. b3 Be7 7. Bb2 O-O 8. e3 d5 9. Nc3 dxc4 10. bxc4 Nc6 11. Qe2 Rc8 12. d3 {A14: English Opening: 1...e6 with b3 by White} (12. Rad1 Qc7 13. Nh4 Ne8 14. f4 Bxh4 15. gxh4 Ne7 16. h5 Bxg2 17. Qxg2 Qc6 18. e4 f5 19. d3 Rf7 {1-0 (96) Cordova,E (2609)-Lopez Martinez,J (2548) Catalunya 2014}) 12... Qd7 13. Rfd1 Rfd8 14. Ne1 {White is slightly better.} Na5 15. Rab1 Bxg2 16. Nxg2 Qb7 17. g4 Rd7 18. f4 Rcd8 19. Ba1 $146 ({Predecessor:} 19. Ne1 Bf8 20. Ba1 {½-½ (61) Reschke,S (2380)-Van den Doel,E (2305) Budapest 1995}) 19... Nc6 20. Ne1 Qc8 21. h3 {[%cal Bh2h3,Bh3h4,Bh4h5,Bh5g6][%mdl 32]} Ne8 22. Nf3 Nd6 23. h4 Bf6 24. h5 (24. g5 $5 {[%cal Rg5f6]} Bxc3 25. Bxc3 $11) 24... g6 25. Ng5 ({Better is} 25. g5 $14 Bg7 26. h6) 25... Bg7 $2 {[%mdl 8192] [#]} (25... gxh5 $11 26. Nce4 Bxa1 27. Rxa1 Ne8) 26. hxg6 $1 $18 hxg6 27. Qh2 {Strongly threatening Nb5.} Kf8 28. Qh7 e5 $2 (28... Rb7 29. Rf1 f6) 29. Nd5 Ne8 {...Rxd5 would now be nice for Black.} 30. Qh4 Rxd5 31. cxd5 Rxd5 32. Rf1 Nd6 33. Rbd1 c4 {[#]} 34. f5 $1 {[%mdl 512]} gxf5 35. gxf5 {Black must now prevent f6.} Ne8 $2 (35... Ke8 36. f6 (36. dxc4 Rxd1 37. Rxd1 Nxf5 $16) 36... Bf8) 36. f6 {White is clearly winning.} Nxf6 {[#]} 37. Rxf6 $1 {[%mdl 512]} Bxf6 38. Nh7+ Kg7 39. Nxf6 {Precision: White = 63%, Black = 38%.} 1-0

[Event "EICC 2017"]
[Site "Minsk"]
[Date "2017.05.31"]
[Round "2"]
[White "Artemiev, Vladislav"]
[Black "Michalik, Peter"]
[Result "1-0"]
[WhiteElo "2682"]
[BlackElo "2558"]
[Annotator "TA"]
[PlyCount "121"]
[EventDate "2017.??.??"]
[EventCountry "BLR"]
[SourceTitle "playchess.com"]
[Source "ChessBase"]
[SourceQuality "1"]

{[%evp 13,121,0,0,-13,0,-7,0,-6,0,0,0,-4,0,0,0,-6,4,0,3,0,0,0,0,0,0,0,0,0,0,0,0,0,0,0,0,0,0,-5,-4,-8,0,0,0,0,0,0,66,68,61,23,83,57,81,82,82,82,104,104,104,102,117,117,117,117,118,118,120,129,162,162,162,162,163,162,162,162,171,153,148,153,155,152,144,160,160,160,160,135,145,141,150,139,134,125,97,116,300,173,386,386,1019,1004,1120,1054,1015,984,5352,5354,5328,5328]} 1. d4 d5 2. c4 e6 3. Nf3 Nf6 4. Qc2 Be7 5. g3 O-O 6. Bg2 c5 7. dxc5 Qa5+ 8. Bd2 {E06: Closed Catalan: Early deviations} (8. Qc3 Qxc5 9. cxd5 Nxd5 10. Qxc5 Bxc5 11. O-O Bd7 12. Ne5 Bb5 13. Bxd5 exd5 14. Nc3 Bc6 15. Nxc6 bxc6 16. Na4 {1-0 (69) Artemiev,V (2653)-Le,Q (2718) Almaty 2016}) 8... Qxc5 9. Na3 Nc6 10. cxd5 {The position is equal.} Qxc2 11. Nxc2 Nxd5 12. O-O Rd8 $146 ({Predecessor:} 12... Bf6 13. Rab1 Bd7 14. Rfd1 Rfd8 15. Bg5 Rac8 16. Bxf6 gxf6 {½-½ (48) Ingbrandt,J (2399)-Vernersson,P (2384) Linkoping 2001}) 13. Rfd1 Bd7 14. Nfe1 Be8 15. Nd3 Rac8 16. Rac1 b6 17. Kf1 Kf8 18. f4 Na5 {[%cal Bc6a5,Ba5c4,Bc4b2][%mdl 32]} 19. Ne3 Nxe3+ 20. Bxe3 Nc4 21. Bf2 Bf6 22. b3 Nb2 23. Rxc8 Rxc8 24. Nxb2 Bxb2 25. Be3 Ke7 26. Be4 Rd8 (26... g6 {looks sharper.} 27. Bd3 e5 28. Bc4 Bd7 29. Bd2 a5) 27. Rxd8 Kxd8 28. Bxh7 $11 {[%mdl 4096] Endgame KBB-KBB} g6 29. g4 f5 (29... Ke7 $11 30. f5 exf5 31. gxf5 Kf8 32. Bh6+ Bg7) 30. gxf5 $1 $14 gxf5 31. Bf2 Bc6 (31... Bc1 $1 $11 {keeps the balance.}) 32. Bh4+ Ke8 {aiming for ...Kf7.} 33. Bg6+ Kf8 34. Bd8 Bc1 35. Bc7 $1 Kg7 36. Bh5 Be3 37. Be5+ Kh6 38. Bf7 Bd5 39. Ke1 a5 40. Be8 Bg1 41. Kd2 Bc5 42. h4 Be7 43. Bd4 Bd8 44. e3 Bc7 45. Kc3 Bd8 46. Kb2 Be4 47. Ka3 Bb1 48. h5 Be4 49. Ka4 Bd3 50. a3 Be2 51. Bd7 Kxh5 52. Bb5 $1 {[%cal Rb5e2]} Bf3 53. Be8+ $1 Kg4 {[#]} 54. Kb5 $1 Bd5 $2 {[#]} (54... Be2+ $16 55. Kc6 b5) 55. b4 $1 $18 {[%cal Bb3b4,Bb4b5][%mdl 32]} ({And not} 55. Bxb6 Bxb6 56. Kxb6 Kf3 $11) 55... Bb3 $2 (55... axb4 56. axb4 Kf3) 56. Bxb6 Ba4+ $2 (56... axb4 57. Bxd8 bxa3) 57. Kxa5 $1 {White is clearly winning.} Bxb6+ 58. Kxb6 Bxe8 59. b5 e5 60. fxe5 Kf3 61. Kc5 {Precision: White = 79%, Black = 46%.} 1-0

[Event "EICC 2017"]
[Site "Minsk"]
[Date "2017.05.31"]
[Round "2"]
[White "Ragger, Markus"]
[Black "Kunin, Vitaly"]
[Result "1-0"]
[WhiteElo "2680"]
[BlackElo "2551"]
[Annotator "TA"]
[PlyCount "75"]
[EventDate "2017.??.??"]
[EventCountry "BLR"]
[SourceTitle "playchess.com"]
[Source "ChessBase"]
[SourceQuality "1"]

{[%evp 28,75,45,33,40,35,42,37,35,18,17,16,34,32,31,35,20,0,58,23,80,74,77,64,54,48,159,164,186,172,241,150,508,489,485,473,689,669,808,777,1609,1306,1587,1579,1570,1417,1380,1196,1525,1410]} 1. e4 d6 2. d4 Nf6 3. Nc3 e5 4. Nf3 Nbd7 5. Bc4 Be7 6. a4 O-O 7. O-O c6 8. h3 a5 9. Re1 exd4 10. Qxd4 Nb6 {C41: Philidor Defence} (10... Nc5 11. Bf4 Ne6 12. Bxe6 Bxe6 13. Rad1 Ne8 14. Qe3 Qb8 15. Nd4 Bf6 16. Nxe6 fxe6 17. e5 dxe5 18. Bxe5 Bxe5 19. Qxe5 Qxe5 20. Rxe5 {½-½ (59) Volokitin,A (2627)-Miroshnichenko,E (2609) Calimanesti 2014}) 11. Ba2 d5 12. exd5 Nfxd5 13. Nxd5 Nxd5 14. Bxd5 cxd5 15. Bf4 {LiveBook: 3 Games} Bf5 16. c3 Be4 17. Nd2 $146 ({Predecessor:} 17. Ne5) 17... Bg6 18. Nf1 Rc8 19. Qa7 Bc5 20. Qxb7 d4 21. Be5 d3 22. Nd2 Re8 ({Better is} 22... Bh5 $11) 23. Bf4 Re2 (23... Qf6 $11 {remains equal.} 24. Bg3 h5) 24. Rxe2 $16 dxe2 25. Re1 $1 Bd3 26. Nb3 Bf5 {[#]} (26... h6 $14) 27. Qf3 $1 ({Don't do} 27. Nxc5 $6 Rxc5 28. Qf3 Bd3 $14) 27... Bd3 {[#]} 28. Nxa5 $1 {[%mdl 512] Hoping for Nb7.} Ba6 (28... Qd7 {was necessary.} 29. Nb3 Ba7) (28... Qxa5 29. Qxd3) 29. Nb7 Qd7 $2 (29... Qd3 $16 {is tougher.}) 30. Nxc5 $18 {White is clearly winning.} Rxc5 31. b4 {[%cal Bb2b4,Bb4b5,Bb5a6,Ba6a7][%mdl 32]} Rf5 (31... Rc4 $142 32. Qxe2 h6 33. Qe8+ Qxe8 34. Rxe8+ Kh7) 32. b5 g5 33. Qxe2 Rxf4 34. Qe8+ Qxe8 35. Rxe8+ Kg7 36. bxa6 Rxa4 37. Ra8 h5 38. a7 {Precision: White = 88%, Black = 25%.} 1-0